000 00389nam a2200109Ia 4500
008 220620s9999||||xx |||||||||||||| ||und||
245 0 _aFood Sovereignty, Agroecology and Biocultural Diversity
_bConstructing and contesting knowledge
546 _aEnglish[eng]
650 _aenvironment and society||agriculture and food||environmental sociology
700 _aPimbert, Michel P.
942 _cEB
999 _c23470
_d23470